Conversation Gambits : Real English Conversation Practices /

সংরক্ষণ করুন:
গ্রন্থ-পঞ্জীর বিবরন
প্রধান লেখক: Keller, Eric (autor)
অন্যান্য লেখক: Warner, Sylvia T. (autor) (autor)
বিন্যাস: গ্রন্থ
ভাষা:ইংরেজি
প্রকাশিত: Hove, Inglaterra : Language Teaching, 2001, c1988
বিষয়গুলি:
ট্যাগগুলো: ট্যাগ যুক্ত করুন
কোনো ট্যাগ নেই, প্রথমজন হিসাবে ট্যাগ করুন!

MARC

LEADER 00000nam^a2200000^a^4500
001 000161704
005 20250521000000.0
009 20260310100808.92
020 |a 0-906717-59-0 
037 |a Acervo ITESO - Biblioteca 
041 |a ING 
082 |a 425.  |b KEL 
100 |a Keller, Eric  |e (autor) 
245 1 0 |a Conversation Gambits :  |b Real English Conversation Practices /  |c E. Keller, S.T. Warner. 
264 4 |a Hove, Inglaterra :  |b Language Teaching,  |c 2001, c1988 
300 |a 96 p. 
336 |a texto  |b txt  |2 rdacontenido 
337 |a sin mediación  |b n  |2 rdamedio 
338 |a volumen  |b nc  |2 rdasoporte 
649 |a XX 
650 |a Inglés -  |x Estudio y Enseñanza 
650 |a Inglés -  |x Composición y Ejercicios 
650 |a Lenguaje y Lenguas -  |x Estudio y Enseñanza 
650 |a Lingüística 
700 |a Warner, Sylvia T.  |e (autor) 
910 |a Fondo General 
920 |a Impresos - Libros 
930 |a Colección General 
905 |a 101 
901 |a 0500093199  |b IT1  |c ACC  |u 20250521 
902 |a https://opac.biblio.iteso.mx/vufind/Record/000161704